射鵰英雄傳

資料類型: Book 圖書   書目號:51032

Leader xxxxxxxxxx
001 __ 102459/5/04
005 __ 20170410105854.561
010 0_ |a957-32-4975-8|b全套:軟精裝|d新臺幣1120元
010 0_ |a957-32-4970-7|b第1冊:軟精裝|d新臺幣280元
010 0_ |a957-32-4971-5|b第2冊:軟精裝|d新臺幣280元
010 0_ |a957-32-4972-3|b第3冊:軟精裝|d新臺幣280元
010 0_ |a957-32-4973-1|b第4冊:軟精裝|d新臺幣280元
100 __ |a20170410e2003    m  y0chiy50      e
101 0_ |achi
102 __ |atw
105 __ |aa   z   000ay
200 1_ |a射鵰英雄傳|f金庸著
205 __ |a四版
210 __ |a臺北市|c遠流|d2003[民92]
215 0_ |a4冊|c部份彩圖|d22公分
225 12 |a金庸作品集|v5-8
300 __ |a公元2003年金庸新修版
300 __ |a版權頁英文題名:Yhe egale-shooting heroes
300 __ |a著者本名查良鏞
510 1_ |aYhe egale-shooting heroes|zeng
700 _0 |a金庸|4681 __ |a857.9|b864 v.1
801 _0 |atw|bLibDipper|c20170410|gCCR
詳細館藏(共 1 筆)
索 書 號登 錄 號冊次號館別 / 館藏地流通類型狀態加入預約清單電子資源
857.9 / 864 1024596 v.2 圖書館 / 一樓普通區 可外借30天 在館   

| 條列資料




目錄查詢 分類查詢 個人資料 圖書薦購 新書查詢 閉館日 排行榜 更多電子資源 Hami書城 線上資料庫 登出

From : 216.73.216.116

  本日流通累計至 14:04:00 借閱 : 6 次 續借 : 0 次 歸還 : 2 次 預約 : 0 次 電子資源 : 0 次


內湖高中圖書館  PCLIS 版本  25.5.0.2